| 000 | 00494nam a22001817a 4500 | ||
|---|---|---|---|
| 003 | MPLRDC | ||
| 005 | 20220104174115.0 | ||
| 008 | 210129b ||||| |||| 00| 0 eng d | ||
| 020 | _a0-19-580232-2 | ||
| 082 | _a805.179 NAT c.2 | ||
| 100 | _aBERTHA J. NATEROP,ERICH WEIS, EVA HABERFELLNER | ||
| 245 |
_aBUSINESS LETTERS FOR ALL _c |
||
| 250 | _a再版 | ||
| 260 |
_a _bOXFORD UNIVERSITY PRESS _c1993 |
||
| 300 | _b平 | ||
| 650 | _a英语作文--函牍格式 | ||
| 942 |
_cBK _o805.179 NAT c.2 |
||
| 999 |
_c59712 _d59702 |
||